000 00398nam a2200181Ia 4500
003 0100
008 130303s9999 xx 000 0 und d
020 _a0020841809
040 _cARRUPELIB
050 _aBM535.B813 1986
100 _aBuber, Martin
245 _aTwo types of faith
260 _aNew York
260 _bCollier Books
260 _C1986
300 _a177p.
300 _b 21cm
999 _c23048
_d23048